• 首页
  • 本馆介绍
  • 公告通知
  • 最新文献
  • 馆藏检索
  • 电子资源
  • 读者导购
  • 参考咨询
  • 我的图书馆
  • 登录
  • 详细信息显示
  • 放入我的书架
  • 预约/预借图书
  • 作者相关作品
  • 分类相关作品
  • 丛书相关作品
  • 出版社相关作品

书目信息

  • 表格格式
  • 工作单格式
  • 卡片格式
题名:
西安事变资料选辑
    
 
作者: ;西北大学历史系 , 八路军西安办事纪念馆 , 西安地质学院中共党史组 编
分册:  
出版信息: 西安   不详  1979
页数: 536页
开本: 20cm
丛书名:
单 册:
中图分类: K264.806
科图分类:
主题词: 中国--历史
电子资源:
ISBN:
000 00856nam0 2200217 450
001 0659758765
005 20060815110725.15
010    @dCNY1.67
100    @a20060725d1979 km y0chiy0120 ea
101 0  @achi
102    @aCN@b610000
200 1  @a西安事变资料选辑@Axi an shi bian zi liao xuan ji@f西北大学历史系,西安地质学院中共党史组,八路军西安办事纪念馆编@Fxi bei da xue li shi xi,xi an di zhi xue yuan zhong gong dang shi zu,ba lu jun xi an ban shi ji nian guan bian
210    @a西安@c不详@d1979
215    @a536页@d20cm
606 0  @a中国@x历史
690    @aK264.806@v3
711  0 @a西北大学历史系@Axi bei da xue li shi xi@4编
711  0 @a八路军西安办事纪念馆@Aba lu jun xi an ban shi ji nian guan@4编
711  0 @a西安地质学院中共党史组@Axi an di zhi xue yuan zhong gong dang shi zu@4编
801  0 @aCN@bPFT@c20060815
905    @a10447@dK264.806@e37
    
    西安事变资料选辑/西北大学历史系,西安地质学院中共党史组,八路军西安办事纪念馆编.-西安:不详,1979
    536页;20cm
    
    
    ISBN :CNY1.67
    
●
相关链接 在E读中查询图书 在五车中查询图书 在当当中查询图书 在豆瓣中查询图书


正题名:西安事变资料选辑     索取号:K264.806/37         预约/预借

序号 登录号 条形码 馆藏地/架位号 状态 备注
1 0436227   204362279   密集书库/ [索取号:K264.806/37] 在馆    
2 0436228   204362288   第二样本阅览室/ [索取号:K264.806/37] 在馆    
3 0462817   204628171   密集书库/ [索取号:K264.806/37] 在馆    
4 0462818   204628180   密集书库/ [索取号:K264.806/37] 在馆    
唐山师范学院图书馆 欢迎您!
大连网信软件有限公司© 版权所有